| 000 | 01492nam a2200289Ia 4500 | ||
|---|---|---|---|
| 999 |
_c42809 _d42809 |
||
| 001 | 9515 | ||
| 003 | GE_BSU | ||
| 005 | 20240611123004.0 | ||
| 008 | 181216s2013||||ge |||||||||||||| ||geo|| | ||
| 020 | _a9789941212581 | ||
| 040 | _cGE_BSU | ||
| 041 | _ageo | ||
| 080 | _a811.111–31 ბ–57 | ||
| 100 |
_aბერჯესი, ენტონი _922390 |
||
| 245 |
_aმექანიკური ფორთოხალი : _bრომანი / _cენტონი ბერჯესი ; რედ. ლია შარვაშიძე ; წინასიტყვ. ენდრიუ ბისუელი ; ინგლისურიდან თარგმნა გია ჭუმბურიძემ. |
||
| 264 |
_aთბილისი : _bპალიტრა L, _c2013. |
||
| 300 |
_a248 გვ. ; _c22 სმ. |
||
| 500 | _aშენიშვნები და განმარტებები : გვ. 242-247 | ||
| 520 | _aშენიშვნები და განმარტებები:გვ.242–247 | ||
| 541 | _h8ლ | ||
| 653 | _aმექანიკური ფორთოხალი | ||
| 653 | _aრომანი | ||
| 700 |
_aბისუელი, ენდრიუ _eწინასიტყვაობა _922394 |
||
| 700 |
_aჭუმბურიძე, გია _eმთარგმნელი _93481 |
||
| 700 |
_aშარვაშიძე, ლია _eრედაქტორი _95787 |
||
| 942 |
_cBK _2udc |
||